000 00359nam a2200169Ia 4500
100 _aAmartya Sen
650 _aFiciton
942 _cBK
366 _f20
654 _aviolence
245 _aIdentity and violence: Illusion of destiny
260 _bPenquin books
_c2006
082 _a303.6/AMA
_bAMA
300 _a215
546 _aENGLISH
999 _c25531
_d25531